000 00568nam a2200193 i 4500
001 129170
003 ES-MaACL
005 20250316174437.0
007 t|
008 070607s1979 sp ||||1| spa d
080 _a801(04)
245 0 3 _aLa teoria estandar extendida /
_cN. Chonsky...[et al.] ; [traducción de Carlos Piera...et al.].
260 _aMadrid :
_bCátedra,
_c[1979]
300 _a215 p. ;
_c21 cm.
700 1 _aPiera, Carlos
_991922
700 1 _aChomsky, Noam,
_d1928-
_938607
852 _aES-MaACL
_jC-23186
_bR.99785
999 _c129170
_d129170